000 00696nam a22002297a 4500
005 20170124110213.0
010 _aA-456791
020 _a0863111084
_c75.00
035 _aA-456791
037 _bCen Lib/Ret
040 _aDPL
_bEN
082 _a796.809543103
_bRAO
100 _aRao, U.S.Krishna Rao
_992425
245 _aA dictionary of Bharata natya /
_cby U. S. Krishna Rao
250 _a2nd ed
260 _aHyderabad
_bOrient Longman
_c1990
270 _a3-6-272 Himayatnagar
_bHyderabad
_e500 029
300 _a71p. :
_c20cm(Hb)
_bill.
650 _aBharata natyam -- Dictionaries
_992426
650 _aBharata natyam
_992427
942 _2ddc
_cEN
_h796.809543103
_mRAO
999 _c133644
_d133644